000 00831nmm a2200265 a 4500
001 ocm0001256678
003 TR-IsHL
005 20201028160149.0
008 150709s2012 tu tur
007 cr cn
020 _a9786055283025
035 _a1256678
_b(N$T)
050 0 4 _aPL248.S53
_bK3 2012
090 0 4 _aPL248.S53
_bK3 2012
100 1 _aŞhapli, Zübeyde
245 1 0 _aKafkas aşkı
_h[electronic resource] /
_cZübeyde Şhapli
260 _aİstanbul :
_bAkıl Fikir Yayınları,
_c2012
300 _a106 p.
650 4 _aDil ve Edebiyat
650 4 _aLanguage and Literature
650 0 _aTürk romanı
650 0 _aTurkish fiction
650 7 _aLITERARY COLLECTIONS / Middle Eastern
_2bisacsh
856 4 0 _uhttp://search.ebscohost.com/login.aspx?direct=true&scope=site&db=e011xww&AN=1256678
999 _c13461
_d13461